000 01012nas a2200301 4500
001 BR8202257
003 BR-BrBNA
005 20231205085137.0
007 ta
008 230509b bl.|||p| |||| 00| 00por d
040 _aBR-BrBNA
_bpor
_cBiblioteca Nacional de Agricultura
041 _a(Pt)
072 _aF00; F40
100 1 _aSevero, J.L.
100 1 _aLin, S.S.
245 1 _aEfeito do periodo de colheita no vigor e fitossanidade das sementes de soja (Glycine max (L.)Merrill)
_bParte de dissertacao
246 1 _aEffects of harvest periods on the vigor and health conditions of soybean seeds (Glycine max (L.)Merril)
_b[Part of dissertation]
650 _aSEMENTE
650 _aSOJA
650 _aCOLHEITA
650 _aMATURACAO
650 _aTESTE DE VIGOR
650 _aCLIMATOLOGIA
650 _aTEMPERATURA
773 0 _tAgronomia Sulriograndense (Brazil)
_xISSN 0400-8111
_g(1981), v. 17(2) p. 257-271
_wBR8202257
909 _a202311
_bLúcia
_c55
_dLúcia Elande
942 _2AGRIS
_n0
_cANA
999 _c109500
_d109500